Perspectivas del comercio internacional de América Latina y el Caribe: el adverso contexto mundial profundiza el rezago de la región
Uloženo v:
| Korporativní autor: | |
|---|---|
| Médium: | Kniha |
| Jazyk: | angličtina |
| Vydáno: |
Santiago, Chile
Naciones Unidas
2019
|
| Témata: | |
| Tagy: |
Přidat tag
Žádné tagy, Buďte první, kdo vytvoří štítek k tomuto záznamu!
|
MARC
| LEADER | 00000nam a22000007a 4500 | ||
|---|---|---|---|
| 003 | CL-VaPUC | ||
| 005 | 20210504001640.0 | ||
| 008 | 200303b ||||| |||| 00| 0 eng d | ||
| 999 | |c 416850 |d 416848 | ||
| 020 | |a 9789211220261 | ||
| 040 | |c Pontificia Universidad Católica de Valparaíso | ||
| 082 | |a 338.98 CEP 2019 | ||
| 110 | 1 | |a CEPAL |9 719871 | |
| 245 | 1 | 0 | |a Perspectivas del comercio internacional de América Latina y el Caribe: |b el adverso contexto mundial profundiza el rezago de la región |
| 260 | 3 | |a Santiago, Chile |b Naciones Unidas |c 2019 | |
| 300 | |a 193 p | ||
| 505 | |a 1. Se agravan las tensiones comerciales y cae el comercio regional. 2. Hacia una mayor contribución del comercio a la sostenibilidad ambiental. 3. Logística e infraestructura para el comercio, la producción y la integración. | ||
| 583 | |c 20200303 |k Daniel Castañeda | ||
| 650 | 0 | 0 | |a Desarrollo económico y social |9 256320 |
| 650 | 0 | 0 | |a Macroeconomía |9 260301 |
| 650 | 0 | 0 | |a COMERCIO INTERNACIONAL |9 719872 |
| 942 | |2 ddc |c BK | ||
| 952 | |0 0 |1 0 |2 ddc |4 0 |6 338_980000000000000_CEP_2019 |7 0 |8 A |9 551535 |a BIBGIM |b BIBGIM |d 2020-03-03 |i 5615534 |o 338.98 CEP 2019 |p 5615534 |r 2025-01-15 |t 1 |w 2020-03-03 |y BK |k COM | ||